La religion égyptienne /

محفوظ في:

المؤلف الرئيسي: Vandier, Jacques, 1904-1973.

مؤلفون آخرون: Dussaud, René., Puech, Henri-Charles.

التنسيق: كتاب

اللغة: French

منشور في: Paris : Presses universitaires de France, 1949.

الطبعة: 2. éd., revue et corrigée.

سلاسل: "Mana" : introduction à l'histoire des religions ; Les anciennes religions orientales ; 1. I.

الموضوعات:

الوسوم: إضافة وسم

لا توجد وسوم, كن أول من يضع وسما على هذه التسجيلة!

رقم الطلب: BL2441 .V165 1949

LEADER 01134nam a22003011 4500
001 tmp00552655
003 OSt
005 20250929072732.0
008 930219s1949 fr b fre u
010 |a a 47005448 
040 |c ARCE Library 
050 4 |a BL2441 .V165 1949 
100 1 |a Vandier, Jacques,  |d 1904-1973. 
245 1 3 |a La religion égyptienne /  |c par Jacques Vandier ... précédée d'une introduction à l'histoire des religions ; avant-propos général par René Dussaud ... bibliographie générale par H.-C. Puech. 
250 |a 2. éd., revue et corrigée. 
260 |a Paris :  |b Presses universitaires de France,  |c 1949. 
300 |a lxiii, 253 pages ;   |c 20 cm. 
490 0 |a "Mana" : introduction à l'histoire des religions ;  |v 1.  |a Les anciennes religions orientales ;  |v I. 
504 |a Includes bibliographies. 
541 |a From Selim Hassan personal library collection. 
650 0 |a Cults  |z Egypt. 
650 0 |a Religion  |x History  |v Bibliography. 
651 0 |a Egypt  |x Religion. 
700 1 |a Dussaud, René. 
700 1 |a Puech, Henri-Charles. 
901 |a reviewed 
942 |2 lcc  |c BK 
999 |c 55053  |d 55053